01449nac a22003491u 4500999001500000003000900015005001700024008004100041020001800082020001500100040004300115082002400158245015400182250002300336264005200359300004500411336002600456337002800482338002700510504005100537650005800588651001000646653001300656655002400669700003100693700003600724700003600760856007400796856008600870942002900956952011400985 c3410d3410EG-ScBUE20210309101015.0200219r20061994xxk f b 001 0 eng d a9780521032902 a0521032903 aEG-ScBUEbengerdacEG-ScBUEdEG-ScBUE04a822.052309bENG22200aEnglish comedy /cedited by Michael Cordner, University of York, Peter Holland, Trinity Hall, Cambridge, John Kerrigan, st John's College, Cambridge. aReprinted edition. 1aCambridge :bCambridge University Press,c2006. axiv, 323 pages :billustrations ;c24 cm 2rdacontentatextbtxt 2rdamediaaunmediatedbn 2rdacarrieravolumebnc aIncludes bibliographical references and index. 7aEnglish drama (Comedy)xHistory and criticism.2BUEsh 2BUEsh bHHUUEENN vReading book9342321 aCordner, Michael,eeditor.1 aHolland, Peter,d1951-eeditor.1 aKerrigan, John,eeditor.925029413Table of contentsuhttp://www.loc.gov/catdir/toc/cam023/93008125.html413Publisher descriptionuhttp://www.loc.gov/catdir/description/cam025/93008125.html cBBk822.052309C81222ddc 00102ddc4070aMAINbMAINc2NDd2010-04-07ePurchasel0o822.052309 ENGp000030627r2025-07-15 00:00:00yBB